The dictionary of art / (Record no. 12212)
[ view plain ]
| 000 -LEADER | |
|---|---|
| fixed length control field | 00533cam a2200169 a 4500 |
| 020 ## - ISBN | |
| International Standard Book Number | 1884446000 (set : alk. paper) |
| 050 00 - LIBRARY OF CONGRESS CALL NUMBER | |
| Classification Number | PE N31 |
| Item Number | .D5 1996 |
| 100 ## - MAIN ENTRY--Author | |
| Personal name | Turner, Jane |
| 245 04 - TITLE | |
| Title | The dictionary of art / |
| Statement of responsibility, etc | editor, Jane Turner. |
| 260 ## - PUBLICATION, DISTRIBUTION, ETC.(IMPRINT) | |
| Place of publication, distribution, etc | New York : |
| Name of publisher, distributor, etc | Grove, |
| Date of publication, distribution, etc | 1996. |
| 300 ## - PHYSICAL DESCRIPTION | |
| Extent | 34 v. : |
| 650 #0 - SUBJECT--TOPIC | |
| General subdivision | Encyclopedias. |
| 700 1# - ADDED ENTRY--PERSONAL AUTHOR | |
| Personal Name | Turner, Jane, |
| 856 42 - URL/ELECTRONIC LOCATION AND ACCESS | |
| Uniform Resource Identifier | <a href="http://www.loc.gov/catdir/enhancements/fy0639/96013628-d.html">http://www.loc.gov/catdir/enhancements/fy0639/96013628-d.html</a> |
| 856 42 - URL/ELECTRONIC LOCATION AND ACCESS | |
| Uniform Resource Identifier | <a href="http://www.loc.gov/catdir/enhancements/fy0725/96013628-b.html">http://www.loc.gov/catdir/enhancements/fy0725/96013628-b.html</a> |
| 942 ## - ADDED ENTRY ELEMENTS(KOHA) | |
| Source of classification or shelving scheme | Library of Congress Classification |
| Koha item type | General circulation |
| Source of classification or shelving scheme | Not for loan | Location (home branch) | Sublocation (holding branch) | Shelving location | Date accessioned | Full call number | Barcode | Koha item type | Public note |
|---|---|---|---|---|---|---|---|---|---|
| Library of Congress Classification | Mtito Andei Centre Library | Mtito Andei Centre Library | 23/03/2016 | Ref. N31 .D5 1996 | 2016/015792 | General circulation | |||
| Library of Congress Classification | Mtito Andei Centre Library | Mtito Andei Centre Library | Reference | 29/03/2016 | Ref. N31 .D5 1996 | 2016/016046 | General circulation | stv |